[Event "Elista Molozhay Memorial"]
[Site "Elista"]
[Date "2009.07.15"]
[Round "2"]
[White "Grigoryan, Artur"]
[Black "Chashchev, Sergey"]
[Result "1/2-1/2"]
[WhiteElo "2216"]
[BlackElo "2306"]
[PlyCount "40"]
[EventDate "2009.07.14"]
[EventType "tourn"]
[EventRounds "9"]
[EventCountry "RUS"]
[EventCategory "3"]
[SourceTitle "EXT 2022"]
[Source "ChessBase"]
[SourceDate "2021.10.06"]
[SourceVersion "1"]
[SourceVersionDate "2021.10.06"]
[SourceQuality "1"]

1. d4 Nf6 2. Nf3 e6 3. c4 b6 4. g3 Bb7 5. Bg2 Be7 6. 0-0 0-0 7. Nc3 Ne4 8. Qc2 Nxc3 9. bxc3 f5 10. Ne1 Bxg2 11. Nxg2 Nc6 12. e4 Na5 13. exf5 exf5 14. Qd3 Rf7 15. Re1 Qf8 16. Nf4 Bd6 17. Bd2 Re8 18. Rxe8 Qxe8 19. Re1 Qf8 20. Ng2 Re7 1/2-1/2

[Event "Elista Chess City op 10th"]
[Site "Elista"]
[Date "2008.09.21"]
[Round "7"]
[White "Chashchev, Sergey"]
[Black "Strelnikov, Sergey"]
[Result "0-1"]
[WhiteElo "2294"]
[BlackElo "2334"]
[PlyCount "50"]
[EventDate "2008.09.16"]
[EventType "swiss"]
[EventRounds "9"]
[EventCountry "RUS"]
[SourceTitle "CBM 126 Extra"]
[Source "ChessBase"]
[SourceDate "2008.11.05"]
[SourceVersion "1"]
[SourceVersionDate "2008.11.05"]
[SourceQuality "1"]

1. d4 d5 2. c4 c6 3. Nf3 Nf6 4. g3 dxc4 5. Bg2 b5 6. 0-0 Bb7 7. a4 a6 8. b3 cxb3 9. Qxb3 e6 10. Rd1 Nbd7 11. Ne5 Nxe5 12. dxe5 Nd7 13. axb5 axb5 14. Rxa8 Qxa8 15. Ba3 Bxa3 16. Nxa3 Nxe5 17. Qb4 f6 18. Qc5 Qa4 19. Rd4 Qb3 20. h3 g5 21. Be4 Kf7 22. Qa7 f5 23. Bc2 Qc3 24. Bd1 Kf6 25. Nb1 Qe1+ 0-1

[Event "Elista Chess City op 10th"]
[Site "Elista"]
[Date "2008.09.19"]
[Round "5"]
[White "Chashchev, Sergey"]
[Black "Kuzmin, Gennadi P"]
[Result "1/2-1/2"]
[WhiteElo "2294"]
[BlackElo "2469"]
[PlyCount "114"]
[EventDate "2008.09.16"]
[EventType "swiss"]
[EventRounds "9"]
[EventCountry "RUS"]
[SourceTitle "CBM 126 Extra"]
[Source "ChessBase"]
[SourceDate "2008.11.05"]
[SourceVersion "1"]
[SourceVersionDate "2008.11.05"]
[SourceQuality "1"]

1. Nf3 c5 2. c4 Nc6 3. Nc3 g6 4. e3 Nf6 5. d4 Bg7 6. Be2 0-0 7. 0-0 d6 8. h3 Bd7 9. b3 cxd4 10. exd4 d5 11. Be3 Bf5 12. Rc1 Rc8 13. Ne5 Be6 14. f4 Na5 15. c5 Ne4 16. b4 Nc6 17. Nxc6 Rxc6 18. Bb5 Rc8 19. Qd3 a6 20. Ba4 Bf5 21. Qd1 e6 22. Ne2 h5 23. Bc2 Nf6 24. Bd3 Bxd3 25. Qxd3 Ne4 26. a4 h4 27. Rc2 Ra8 28. Rb1 Bf6 29. Rcb2 Qe8 30. Qc2 Qd7 31. b5 axb5 32. Rxb5 Ra7 33. Nc1 Ng3 34. Ne2 Nf5 35. Bf2 Rfa8 36. R1b4 Ne7 37. Qb1 Rb8 38. Rb6 Nc6 39. Rb2 Kg7 40. Qc2 Rba8 41. Qb3 Rxa4 42. Rxb7 Qe8 43. Qc2 Nxd4 44. Nxd4 Rxd4 45. Bxd4 Bxd4+ 46. Kh2 Bxb2 47. Qxb2+ Kg8 48. Qf6 Rc8 49. Re7 Qf8 50. Rd7 Qg7 51. Rd8+ Rxd8 52. Qxd8+ Qf8 53. Qc7 d4 54. c6 d3 55. Qd7 Qb4 56. c7 Qxf4+ 57. Kg1 Qe3+ 1/2-1/2